000 01991nam a22002417a 4500
005 20260213112009.0
008 260211b |||||||| |||| 00| 0 eng d
020 _a9789354602399
040 _cAL
041 _aEnglish
082 _a621.381
_bMALE
100 _aAlbert Malvino
_9254678
245 _aElectronic principles
250 _a9.
260 _aChennai
_bMcGraw Hill Education(India) Private Limited
_c2021
300 _axvii,1094p.
_bPB
_c26x20cm
365 _aIN-1991
_b₹720.05
_c
_d₹1099.00
_f27-01-2026
520 _aElectronic Principles continues its tradition as a clearly explained in-depth introduction to the electronic principles of semiconductor devices circuits and systems. Written in an easy-to-read conversational style semiconductor devices and circuits are explored including practical applications where they are found. Circuit operation and troubleshooting techniques are “brought to life” with Multisim circuit simulation files found on the associated Online Learning Center. Electronic Principles' subject matter includes updated semiconductor devices and systems including emerging wide bandgap power FETs and an introduction to Industry 4.0. Salient Features: 1. New Chapter 23, “Industry 4.0,” introduces the concepts of the fourth industrial revolution. 2. Extensive coverage of sensors and data conversion, with examples linking semiconductor devices and circuits covered in previous chapters, acts as a capstone chapter that ties the whole textbook together. 3. Expanded material on Multistage Amplifier Troubleshooting using signal tracing and split-half troubleshooting techniques. 4. Listing of correlated lab experiments at the end of each chapter. Much effort has been applied to having the textbook and experiments manual work together as a unified knowledge and performance competency package.
650 _aElectronics
_9254471
700 _aBates, David J
_9254472
700 _aHoppe, Patrick E
_9254473
942 _2ddc
_cBK
999 _c240887
_d240887